[Event "IND-chT (Women) 22nd"]
[Site "Ahmedabad"]
[Date "2025.03.08"]
[Round "4.4"]
[White "Mehra, Jyoti"]
[Black "Asudani, Ruhani Raj"]
[Result "0-1"]
[WhiteElo "1427"]
[BlackElo "1666"]
[PlyCount "73"]
[EventDate "2025.03.05"]
[EventType "team-swiss"]
[EventRounds "7"]
[EventCountry "IND"]
[SourceTitle "CB12_2025"]
[SourceDate "2025.03.19"]
[SourceVersion "1"]
[SourceVersionDate "2025.03.19"]
[SourceQuality "1"]
[WhiteTeam "Life Insurance Corporation (W)"]
[BlackTeam "Gujarat (W)"]
[WhiteTeamCountry "IND"]
[BlackTeamCountry "IND"]

1. e4 c5 2. Nf3 Nc6 3. c3 Nf6 4. d3 d6 5. h3 g6 6. Be2 Bg7 7. 0-0 0-0 8. Re1 d5 9. e5 Nd7 10. d4 cxd4 11. cxd4 f6 12. Nc3 fxe5 13. dxe5 e6 14. Bg5 Qb6 15. Bb5 Ndxe5 16. Nxe5 Nxe5 17. Nxd5 exd5 18. Qxd5+ Be6 19. Be3 Bxd5 20. Bxb6 axb6 21. a4 Bc6 22. f4 Bxb5 23. fxe5 Rxa4 24. Rad1 Re8 25. b3 Ra2 26. Ra1 Rxe5 27. Rxa2 Rxe1+ 28. Kf2 Ra1 29. Rd2 Rf1+ 30. Kg3 Be5+ 31. Kg4 h5+ 32. Kh4 Kg7 33. Rd5 Bf6+ 34. Kg3 Rf5 35. Rd1 Be5+ 36. Kh4 Kh6 37. Rb1 0-1

[Event "Wch U20 Girls 40th"]
[Site "Gandhinagar"]
[Date "2024.06.07"]
[Round "6"]
[White "Sagar, Siya"]
[Black "Asudani, Ruhani Raj"]
[Result "1/2-1/2"]
[WhiteElo "1732"]
[BlackElo "1645"]
[PlyCount "73"]
[EventDate "2024.06.02"]
[EventType "swiss"]
[EventRounds "11"]
[EventCountry "IND"]
[SourceTitle "CBM 220 Extra"]
[Source "ChessBase"]
[SourceDate "2024.07.31"]
[SourceVersion "1"]
[SourceVersionDate "2024.07.31"]
[SourceQuality "1"]

1. e4 c5 2. Nf3 Nc6 3. d4 cxd4 4. Nxd4 e5 5. Nb5 d6 6. N1c3 a6 7. Na3 Be7 8. Be3 Nf6 9. Nc4 b5 10. Nb6 Rb8 11. Nxc8 Qxc8 12. Bd3 0-0 13. 0-0 Rd8 14. Bg5 b4 15. Bxf6 bxc3 16. Bxe7 cxb2 17. Bxd8 bxa1Q 18. Qxa1 Nxd8 19. Rb1 Nc6 20. Rxb8 Nxb8 21. Qb2 Qc7 22. h3 h6 23. Qb3 a5 24. Bb5 Nd7 25. Bxd7 Qxd7 26. Kf1 Kf8 27. Ke2 Ke7 28. c4 Qc6 29. f3 Qc5 30. Qb7+ Kf6 31. Qd5 Qa3 32. Qd2 Ke7 33. Qc2 Qc5 34. Kd3 g6 35. Qb2 f5 36. Qb7+ Kf6 37. Qb2 1/2-1/2

[Event "Commonwealth-ch U08 Girls"]
[Site "Delhi"]
[Date "2018.06.28"]
[Round "3.1"]
[White "Asudani, Ruhani Raj"]
[Black "Devaki, Nandana"]
[Result "1-0"]
[WhiteElo "1039"]
[BlackElo "1128"]
[PlyCount "105"]
[EventDate "2018.06.26"]
[EventType "swiss"]
[EventRounds "7"]
[EventCountry "IND"]
[SourceTitle "EXT 2024"]
[Source "ChessBase"]
[SourceDate "2023.10.10"]
[SourceVersion "1"]
[SourceVersionDate "2023.10.10"]
[SourceQuality "1"]

1. e4 c5 2. Nf3 d6 3. d4 cxd4 4. Nxd4 Nf6 5. Nc3 a6 6. f3 Nbd7 7. Be3 e5 8. Nb3 Qc7 9. Qd2 Be7 10. 0-0-0 b5 11. g4 0-0 12. h4 Bb7 13. h5 Rac8 14. g5 Ne8 15. g6 Nef6 16. gxf7+ Rxf7 17. Bh3 Rff8 18. Be6+ Kh8 19. Kb1 b4 20. Nd5 Nxd5 21. exd5 Rxf3 22. Rdg1 Bf6 23. Qe2 e4 24. Nd4 Bxd4 25. Bxd4 Nf6 26. Bxc8 Qxc8 27. Bxf6 Rxf6 28. Qxe4 Rf5 29. Qe7 Qf8 30. Qxb7 Rf2 31. Qxb4 Qc8 32. Qc3 Qf8 33. a3 Rf3 34. Qe1 Qb8 35. Ka2 Qg8 36. Rf1 Qxd5+ 37. b3 Rxf1 38. Qe8+ Qg8 39. Qxg8+ Kxg8 40. Rxf1 d5 41. Kb2 g6 42. h6 g5 43. Rg1 g4 44. Rxg4+ Kf7 45. Rg7+ Kf8 46. Rxh7 Kg8 47. Rb7 a5 48. c4 dxc4 49. bxc4 Kh8 50. c5 a4 51. c6 Kg8 52. c7 Kf8 53. c8Q# 1-0